00209 a2200073 450000100060000010000230000624500620002926000440009155377 aMoses, A. Mohandas aLast frontiers of the mind ; challange of the digital age aNew DelhibPrentice Hall of Indiac2005